Carregando...

Planning at home and abroad : with plans and economics of various countries

Detalhes bibliográficos
Autor principal: Bhattacharya, A.B
Formato: Printed Book
Idioma:Undetermined
English
Publicado em: Agra Ratan prakashan Mandir 1960
Assuntos:
LEADER 00651nam a2200193Ia 4500
008 140306s9999 xx 000 0 und d
041 |a eng 
082 |a 338.9  |b BHA 
100 |a Bhattacharya, A.B. 
245 |a Planning at home and abroad : with plans and economics of various countries 
260 |a Agra  |b Ratan prakashan Mandir  |c 1960 
300 |a 558 
650 |a Economic planning 
650 |a Indian planning 
650 |a mixed economy 
650 |a price mechanism 
942 |2 ddc  |c BK 
999 |c 50158  |d 50158 
952 |0 0  |1 0  |2 ddc  |4 0  |6 338_900000000000000_BHA  |7 0  |9 66476  |a KAUACV  |b KAUACV  |d 2004-04-30  |o 338.9 BHA  |p KAU_ACV-12463  |r 2014-03-22  |w 2014-03-22  |y BK